| 000 | 00465nam a22001697a 4500 | ||
|---|---|---|---|
| 999 |
_c41703 _d41703 |
||
| 003 | OSt | ||
| 005 | 20221110122041.0 | ||
| 008 | 221103b ||||| |||| 00| 0 eng d | ||
| 020 | _a9789380902456 | ||
| 040 | _coclc | ||
| 082 |
_a664 _bDEV/F |
||
| 100 |
_99227 _aDevi,Nithya M. |
||
| 245 |
_aFood Microbiology / _cM. Nithya Devi |
||
| 260 |
_aJaipur: _bAadi publications, _c2011 |
||
| 300 | _a282 | ||
| 942 |
_2ddc _cBK _h664 _iDEV/F _k664 _mDEV/F |
||